000 00540nam a2200193Ia 4500
008 220216s9999 xx 000 0 und d
100 _aJayasekera N E M
245 0 _aGenetics of production traits in Hevea brasiliensis (rubber). Changes in genetical control with age
260 _bHeredity
_c1994
300 _a650-656
500 _aSource Year: 1995
650 _aGenetic traits
650 _aHevea brasiliensis
650 _aSri Lanka
700 _aKarunasekera K B
700 _aKearsey M J
856 _uIRRDB
942 _cJS
999 _c59898
_d59898